Datum a čas kvízu
24.5
Celkem bodů
Celkový počet nahraných bodů na tomto kvízu bez doplňovacích otázek.
3.
Pořadí na kvízu
Konečné umístění týmu na tomto kvízu.
Zaznamenané odpovědi
| # | Otázka | Odpověď | Body | Výsledky |
|---|---|---|---|---|
| 1. | Jeden z vysokých ústavních čin... | Radek Vondráček | 1 | |
| 2. | Ve stínu událostí českých parl... | Ministr zahraničí. | 1 | |
| 3. | Nakladatelství DC Comics, kter... | Superman | 1 | |
| 4. | Francouzský deník Le Figaro zv... | mozzarella | 0 | |
| 5. | Profesionální kariéru minulý t... | Roman Kreuziger | 0 | |
| 6. | Pokřín obecný je rostlina, kte... | mandragora | 1 | |
| 7. | Asa smrdutá je asijská rostlin... | čertovo lejno | 0 | |
| 7. | Sušený pelyněk kozalec se užív... | estragon | 0 | |
| 9. | Ledvinovník západní je tropick... | oříšky kešu | 0 | |
| 10. | Paznehtník je metr vysoká byli... | akant | 0 |